La vorágine

I tiakina i:
Ngā taipitopito rārangi puna kōrero
Kaituhi matua: Rivera, José Eustasio (Author)
Hōputu: Pukapuka
Reo:Pāniora
I whakaputaina: Buenos Aires Losada 1974
Rangatū:Colección Encuentro
Ngā marau:
Ngā Tūtohu: Tāpirihia he Tūtohu
Kāore He Tūtohu, Me noho koe te mea tuatahi ki te tūtohu i tēnei pūkete!

MARC

LEADER 00000nam a2200000 a 4500
001 UCH4227
003 CL-VaPUC
008 090818e19740000AG |||||||||||||||||spa|d
082 0 4 |a Co863  |b RIV  |2 21 
100 0 |a Rivera, José Eustasio  |e author  |9 313852 
245 1 3 |a La vorágine 
300 |a 246 p 
942 |c BK 
945 |d 20090818 00:00:00  |a lazolas 
260 |a Buenos Aires  |b Losada  |c 1974 
650 0 |a Novela colombiana  |9 318718 
650 0 |a Literatura colombiana   |9 315578 
650 7 |a PROSA COLOMBIANA  |2 CL-VaPUC  |9 342788 
650 0 |a Formas y géneros literarios  |9 324031 
583 |a last modification  |c 20090818 00:00:00  |k Rodrigo Vera 
490 0 |a Colección Encuentro  
999 |c 335562  |d 335560